Vývoj nových typov biodegradovateľných polymérnych materiálov vhodných pre 3D tlač

Salvato in:
Dettagli Bibliografici
Autore principale: Škoríková, Tamara (Autore)
Altri autori: Plavec, Roderik (Relatore della tesi)
Natura: Manoscritto Libro
Lingua:slovacco
Pubblicazione: 2023
Soggetti:
Accesso online:http://is.stuba.sk/zp/portal_zp.pl?podrobnosti=162371
Tags: Aggiungi Tag
Nessun Tag, puoi essere il primo ad aggiungerne!!

MARC

LEADER 00000ntm a22000003a 4500
001 stuzp94530
003 SK-STU
005 20230909222407.5
007 ta
008 150427s2015----xo-----f-mn---000-0-slo-d
040 |a STU  |b slo 
041 0 |a slo 
100 1 |a Škoríková, Tamara  |u 049370  |4 aut  |U FCHPT Ústav prírodných a syntetických polymérov  |T FCHPT Oddelenie plastov, kaučuku a vlákien  |X 110540  |U C9370  |Y 128  |7 110540 
242 0 1 |a The Development of New Types of Biodegradable Polymer Materials Suitable for 3D Printing  |y eng 
245 1 0 |a Vývoj nových typov biodegradovateľných polymérnych materiálov vhodných pre 3D tlač 
260 |c 2023 
650 4 |a aditívna výroba  |2 slo 
650 4 |a biodegradovateľnosť  |2 slo 
650 4 |a kyselina polymliečna  |2 slo 
650 4 |a additive manufacturing  |2 eng 
650 4 |a biodegradability  |2 eng 
650 4 |a polylactic acid  |2 eng 
700 1 |a Plavec, Roderik  |u 049370  |k Z2  |4 ths  |U FCHPT Ústav prírodných a syntetických polymérov  |T FCHPT Oddelenie plastov, kaučuku a vlákien  |X 26421  |U C9370  |Y 128  |7 A000026421 
856 4 |u http://is.stuba.sk/zp/portal_zp.pl?podrobnosti=162371